1594 1629 1000 1116 1377 1811 1622 1239 1258 1940 1975 1748 1368 1831 1808 1344 1837 1504 1458 1936 1114 1374 1541 1639 1959 1324 1726 1750 1983 1356 1887 1191 1674 1562 1315 1968 1243 1166 1955 1583 1385 1847 1980 1205 1177 1752 1261 1788 1639 1068 1847 1384 1377 1874 1356 1245 1363 1853 1689 1304 1618 1931 2000 1816 1067 1593 1920 1003 1528 1628 1333 1626 1965 1038 1535 1520 1399 1033 1169 1037 1733 1150 1607 1949 1031 1019 1449 1060 1124 1066 1442 1813 1036 1240 1696 1442 1907 1080 1747 BCNSPRNW ULIB Ver.6.0+V

เปลี่ยนเป็นภาษาไทย

Change to English
 แสดงรายละเอียดบรรณานุกรม
  กลับหน้าหลัก

Brief Record : Get Marc (ISO 2709) : E-mail record : QR code < ปิดหน้าต่าง
LEADER : 00000nam 2200000uu 4500
001    13399109068
003     ULIB
008    110321s2553||||th 000 0 tha d
020    9789744141316
050  4 PN4129.T5^bส238ศ 2553
100 0  สมชาติ กิจยรรยง
245 10 ศิลปะการพูดสำหรับผู้นำ /^cสมชาติ กิจยรรยง
250    พิมพ์ครั้งที่ 1
260    กรุงเทพฯ :^bเอ็กซเปอร์เน็ท,^c2553
300    176 หน้า :^bภาพประกอบ ;^c21 ซม.
650  7 การพูด
650  7 การพูดในชุมนุมชน
650  7 ความเป็นผู้นำ
650  7 วาทศิลป์
945    ^p175^l0^i029852
945    ^p175^l0^i029851
995    เกษร
999 ^a ใช้งานได้ทุกระบบ
รายการนี้ยังไม่มีแท็ก
คุณยังไม่ได้ล็อกอิน คุณสามารถมีกิจกรรมร่วมกับเว็บไซต์ได้ แต่ต้องล็อกอินก่อน ::
  ล็อกอิน

รายการสื่อสารสนเทศ

ลำดับที่ ประเภท เลขเรียก/บาร์โค้ด สถานที่ สถานะ
- ไม่พบข้อมูล -

รายการใกล้เคียง
    ผู้แต่ง [สมชาติ กิจยรรยง]

    หัวเรื่อง [การพูด]
    หัวเรื่อง [การพูดในชุมนุมชน]
    หัวเรื่อง [ความเป็นผู้นำ]
    หัวเรื่อง [วาทศิลป์]

BibComment


ยังไม่เคยถูกคอมเมนท์

คอมเมนท์ทรัพยากรรายการนี้
  คอมเมนท์: ศิลปะการพูดสำหรับ..


 Copyright 2026. Bcnsprnw @Library